| 000 | 00481nam a22001817a 4500 | ||
|---|---|---|---|
| 003 | CEME | ||
| 005 | 20210628201632.0 | ||
| 008 | 210204b xxu||||| |||| 00| 0 eng d | ||
| 020 | _a81-203-2531-1 | ||
| 040 | _c. | ||
| 082 | _a006.3 COH | ||
| 100 |
_aCohen, Paul R _956107 |
||
| 245 | _aEmpirical methods for artificial intelligence | ||
| 260 |
_aNEW DELHI _bPRENTICE HALL OF INDIA _c1995 |
||
| 300 | _aXIV,406P | ||
| 650 |
_aARTIFICIAL INTELLIGENCE _918060 |
||
| 942 |
_cBK _2ddc |
||
| 999 |
_c566631 _d566631 |
||